000 00516nam a2200181Ia 4500
005 20250326141300.0
008 250326s9999 xx 000 0 und d
037 _aTextbook
040 _aFMSL
_beng
_cFMSL
041 _aeng
_2eng
084 _aX:8F N94
_qFMSL
100 _aDohleavy G D
_9744069
245 0 _aCash flow accounting: International uses and abuser
_cDohleavy G D
260 _aLondon
_bLondon, Routledge
_c1994
300 _a321p
942 _cTB
_hX:8F N94
999 _c1289581
_d1289581